Quel poète a écrit ces mots? - Statistiques

Statistiques générales
  • Ce quiz a été pris 65 fois
  • Le résultat moyen est 5 sur 15
Statistiques - réponses
Extrait Poète % Correct
Les sanglots longs des violons de l’automneBlessent mon coeur d’une langueur monotone Paul Verlaine
85%
Le Poète est semblable au prince des nuées Qui hante la tempête et se rit de l’archer Charles Baudelaire
61%
Je marcherai les yeux fixés sur mes pensées, Sans rien voir au dehors, sans entendre aucun bruit Victor Hugo
61%
Sous le pont Mirabeau coule la Seine Et nos amours Guillaume Apollinaire
60%
Sur mes cahiers d’écolier, sur mon pupitre et les arbresSur le sable sur la neige, j’écris ton nom Paul Eluard
55%
Il dit non avec la tête mais il dit oui avec le coeur Jacques Prévert
47%
Plus me plaît le séjour qu’ont bâti mes aïeux, Que des palais Romains le front audacieux, Joachim du Bellay
44%
Dans l’angoisse, et pleurant sous leur vieux bonnet noir, Lui donnent un gros sou lié dans leur mouchoir Arthur Rimbaud
32%
Tes yeux sont si profonds qu'en me penchant pour boire J'ai vu tous les soleils y venir se mirer Louis Aragon
31%
Mais je demande en vain quelques moments encore, Le temps m'échappe et fuit Alphonse de Lamartine
23%
Travaillez, prenez de la peine : C'est le fonds qui manque le moins Jean de la Fontaine
15%
Laisse, longue, l’écho rendormir la diane, Ô toujours plus égale à la molle liane Qui se balance et bat tes yeux ensevelis Paul Valéry
3%
Nos cris, lancés trop tard, se fatiguent, retombent, Pénètrent sans écho la sourde éternité Marguerite Yourcenar
2%
Il est bien doux pour mon cœur très immonde
De voir ici l’abondance à la ronde,
Voltaire
2%
Éteignez tous les feux et dispersez la cendre, Le jour est bon à vivre et l'heure est bonne à prendre Robert Desnos
0%
Aucun quiz correspondant
Distribution des résultats
% des personnes avec chaque résultat
Percentile par nombre de réponses
Votre historique - résultats
Vous n’avez pas pris ce quiz